000 00686nam a2200289Ia 4500
005 20260324143839.0
008 008 260324s9999 xx 000 0 eng d
020 _a9781315737263
037 _aEBOOK
040 _aCRL
040 _beng
040 _cCRL
041 _2eng
041 _aeng
084 _qCRL
100 _aGianni Toniolo
_91130932
245 3 _aAn Economic History of Liberal Italy (Routledge Revivals)
245 0 _b1850-1918
260 _bTaylor and Francis
260 _c1990
365 _a
365 _b145
856 _uhttp://www.taylorfrancis.com/books/9781315737263
942 _cEBOOK
999 _c1823024
_d1823024